000 01266nam a2200265Ia 4500
003 Ost
005 20260507075125.0
008 260507s9999||||xx |||||||||||||| ||und||
020 _a1116329957
040 _cfsecg
041 _aara
082 _a330
100 _aعبد الجواد، محمد عوض
_eمؤلف
245 0 _aالإستثمار في البورصة :
_bأسهم-سندات-أوراق مالية /
_c محمد عوض عبد الجواد
260 _aعمان:
_bدار الحامد,
_c2006
300 _a216 صفحة؛
_c24 سم
520 _aأساسيات الإستثمار في الأوراق المالية-صناديق الإستثمار-أساسيات الإستثمار في الأوراق المالية-أدوات وطرق الإستثمار في أسواق المال-كيف تشتري الأسهم وكيف تبيعها(تطبيقات عملية)-صناديق الإستثمار وأسواق المال في الدول العربية
653 _aافقتصاد
653 _aالإستثمار
653 _aالإستثمارات المالية
653 _aالأسواق المالية
653 _aالبورصات
700 _aابراهيم الشديفات، علي
_eمؤلف ثانوي
942 _cكتاب
999 _c43132
_d43132